000 00599nam a2200217Ia 4500
003 OSt
005 20241010045133.0
008 240925s9999 xx 000 0 und d
020 _a71135159
040 _csd
082 _a005.26 GOO
100 _aGoody ,Royu W.
245 0 _aIntel Microprocessors: hardware, Software, and applications 8085 8086/88 80486
250 _aNA
260 _aNA
_bNot Available
_c,1993.
300 _ax,436p.
_bNA
_fPhotocopy
500 _aIncludes Index
600 _aComputer Science
650 _aComputer science, information & general works
942 _cBK
_2ddc
999 _c2505
_d2505